01263nam a2200301 a 4500001001200000003000800012006001900020007001500039008004100054020001800095020002700113040002100140035002100161050002300182245011900205260005900324300001900383504004100402505011000443533015200553650001700705650002800722655002900750700002200779710001700801856012600818999001700944ebr10568862CaPaEBRm u cr cn|||||||||120618s2010 qeaa sb 000 0 eng d z9781921513664 z9781921513671 (e-book) aCaPaEBRcCaPaEBR a(OCoLC)64981618614aBF698b.P47 2010eb00aPersonality and individual differencesh[electronic resource] :bcurrent directions /cedited by Richard E. Hicks. aBowen Hills, Qld. :bAustralian Academic Press,c2010. a341 p. :bill. aIncludes bibliographical references.0 apt. 1. On personality theory -- pt. 2. On professional context and applications of personality knowledge. aElectronic reproduction.bPalo Alto, Calif. :cebrary,d2011.nAvailable via World Wide Web.nAccess may be limited to ebrary affiliated libraries. 0aPersonality. 0aIndividual differences. 7aElectronic books.2local1 aHicks, Richard E.2 aebrary, Inc.40uhttp://site.ebrary.com/lib/rucke/Doc?id=10568862zAn electronic book accessible through the World Wide Web; click to view c81795d81795